000
00212nam a22000977a 4500
999
_c
16169
_d
16169
003
OSt
008
200612b ||||| |||| 00| 0 eng d
100
_a
kahlil gibran
_9
4588
245
_a
The Broken Wings
942
_c
BK